Statistics for Medieval Battles - Map Quiz

Click here to take the quiz!

General Stats

  • This quiz has been taken 81 times
  • The average score is 6 of 16

Answers on the Map

Answers color-coded by a green-red scale on the quiz's map according to % correct below.
 

Answer Stats

Answer% Correct
Battle of Agincourt
95%
Battle of Stamford Bridge
89%
Battle of Ain Jalut
66%
Battle of Dorostopol
53%
Battle at Brůdek
44%
Battle of Alarcos
44%
Battle of Tonlé Sap
41%
Battle of Yehuling
39%
Battle of Gol-Zarriun
33%
Battle of Bagdoura
30%
Battle of Bun'ei
25%
Battle of Nikiou
22%
Battle of Amroha
19%
Battle of Sufetula
16%
Battle of Kirina
14%
Battle of Ümera
9%

Score Distribution

Percentile by Number Answered

Percent of People with Each Score

Your Score History

You have not taken this quiz